000 00497nam a2200193Ia 4500
008 120820t1997 xxu||||| |||| 00| 0 eng d
041 _aeng
080 _a8-31
_bLON
100 _aLondon, Jack
245 _aවන පෙත අඬ ගසයි
246 _aWana Petha Anda Gasai
260 _aWidarshana
_aDehiwala
_c1997
300 _b154p, 18 cm
500 _aChamali
700 _aRanaweera, Ariyawansa
_etr.
942 _cBK
999 _c40053
_d40053
003 LK-CoDNM
040 _aLK-CoDNM
_dLK-CoDNM
_eLK-CoDNM